000 00458 a2200133 4500
020 _a140207610X
920 _a1-4020-7610-X
100 1 _aBjarklev, Anders.
_eAutor
700 1 _aBroeng, Jes.
_eAutor
700 1 _aBjarklev, Araceli S..
_eAutor
245 0 _aPhotonic Crystal Fibres /
_cBjarklev Anders, Broeng Jes, Bjarklev Araceli S..
710 2 _aKluwer Academic Publishers.
_eWydawca
_4pbl
260 _aBoston :
_bKluwer Academic,
_c2003.
300 _aXI, 298 s.:
_bil.;
_c24 cm.
999 _c14607
_d14607